Vaccinating against Vasoori: eradicating smallpox in the ‘model’ princely state of Travancore, 1804–1946 (Record no. 514218)

000 -LEADER
fixed length control field 01686nam a22001577a 4500
008 - FIXED-LENGTH DATA ELEMENTS--GENERAL INFORMATION
fixed length control field 201016b ||||| |||| 00| 0 eng d
100 ## - MAIN ENTRY--PERSONAL NAME
Personal name Nair, Aparna
245 ## - TITLE STATEMENT
Title Vaccinating against Vasoori: eradicating smallpox in the ‘model’ princely state of Travancore, 1804–1946
260 ## - PUBLICATION, DISTRIBUTION, ETC. (IMPRINT)
Place of publication, distribution, etc Indian Economic and Social History Review
300 ## - PHYSICAL DESCRIPTION
Extent 56(4), Oct-Dec, 2019: p.361-386
520 ## - SUMMARY, ETC.
Summary, etc The social and medical histories of vaccination are increasingly important in the twenty-first century, as anti-vaccination narratives threaten herd immunity across the world. Much of the historical scholarship on vaccination in India focusses on smallpox, largely in the context of the colonial or post-colonial state. This article explores the histories of this policy in the ‘model’ princely state of Travancore. The essay integrates medical and social history as it tracks the introduction and progress of vaccination into the princely state and examines the process as biomedical discourse about disease and public health, and as a set of corporeal practices. The article also examines the broader cultural meanings ascribed to biomedicine in this princely state and the efforts to construct a ‘modern’ corporeal consciousness through direct and indirect interventions. Finally, the article also engages with the question of what exactly the introduction of biomedicine entailed for the average resident of this region in terms of disease control and prevention.– Reproduced
650 ## - SUBJECT ADDED ENTRY--TOPICAL TERM
Topical term or geographic name as entry element Smallpox, Vaccination, Colonial, Travancore, Princely state, Caste
9 (RLIN) 18664
773 ## - HOST ITEM ENTRY
Main entry heading Indian Economic and Social History Review
906 ## - LOCAL DATA ELEMENT F, LDF (RLIN)
Subject DIP VACCINATION
942 ## - ADDED ENTRY ELEMENTS (KOHA)
Item type Articles
Holdings
Withdrawn status Lost status Source of classification or shelving scheme Damaged status Not for loan Permanent location Current location Date acquired Serial Enumeration / chronology Barcode Date last seen Koha item type
          Indian Institute of Public Administration Indian Institute of Public Administration 2020-10-16 56(4), Oct-Dec, 2019: p.361-386 AR123257 2020-10-16 Articles

Powered by Koha